| 000 | 00715nam a2200241 a 4500 | ||
|---|---|---|---|
| 999 |
_c2132 _d2132 |
||
| 001 | 2132 | ||
| 003 | BD-JhCC | ||
| 005 | 20171030101029.0 | ||
| 008 | 171030s2006 bg |||| ||a| 000 0 ben d | ||
| 020 | _a9844222105 | ||
| 035 | _a(BD-JhCC)2132 | ||
| 040 |
_aBD-JhCC _dBD-JhCC |
||
| 041 | _aben | ||
| 082 |
_a813.52 _bRIT 2006 |
||
| 100 | _aরাইট, রিচার্ড | ||
| 245 |
_aব্ল্যাক বয় / _cরিচার্ড রাইট |
||
| 260 |
_aঢাকা : _bবিদ্যাপ্রকাশ, _c২০০৬. |
||
| 300 |
_a400 p. : _c21 cm. |
||
| 650 |
_aSocial Life And Customs _zAfrican |
||
| 700 | _aচৌধুরী, কবীর | ||
| 942 |
_2ddc _cBK |
||